| 000 | 00520nam a2200169Ia 4500 | ||
|---|---|---|---|
| 008 | 090201s9999 xx 000 0 und d | ||
| 010 | _aKPL-23438 | ||
| 040 | _bमराठी | ||
| 041 | _aमराठी | ||
| 082 |
_a40002 _b23438 |
||
| 100 | _aप्रभाकर अत्रे | ||
| 245 |
_aकवच कुंडल _cप्रभाकर अत्रे |
||
| 260 |
_c2004 _bसंजय प्रकाशन |
||
| 300 |
_a196 _bमोठा |
||
| 600 | _aकवच कुंडल | ||
| 942 | _cBOOK | ||
| 999 |
_c237282 _d237282 |
||